000 01503cam a2200301 a 4500
001 000005943
005 20200929151843.0
008 940104s1992 mx b f000 0 spa d
040 _aDO-SdBNP
_cDLC
_dDLC
_dBNPHU
043 _an-mx-
082 _annnn
_bB259a
245 0 3 _aUn barón alemán del siglo xix :
_bOthon E. de Brackel-Welda en Colima : su participación en el desarrollo político económico de México a principios de la década de los ochenta /
_cAntología documental e introducción de Georgette José Valenzuela ; coordinador académico Juan Carlos Reyes G.
260 _aColima, México :
_bUniversidad de Colima, Consejo Nacional para la Cultura y las Artes,
_c1992.
300 _ax, 91 p. :
_bil., ;
_c28 cm.
490 1 _aDocumentos colimenses
_v1
500 _a"Proyecto Historia general de Colima."
504 _aIncluye referencias bibliográficas
651 0 _aMexico
_xEconomic Conditions
_y19th century.
_916743
600 1 0 _aBrackel-Welda, Othon Engelbert Joseph Clemens Wilhelm,
_cFreiherr von,
_d1830-1903.
_916744
650 0 _aMines and mineral resources
_zMexico
_xHistory
_y19th century.
_916745
650 0 _aTelegraph
_zMexico
_xHistory
_y19th century.
_916746
700 1 _aReyes G., Juan Carlos,
_916747
700 1 _aJose Valenzuela, Georgette Emilia.
_916748
700 1 _aBrackel-Welda, Othon Engelbert Joseph Clemens Wilhelm,
_cFreiherr von,
_d1830-1903.
_916744
830 0 _aDocumentos colimenses ;
_v1
_99214
910 _aCatalogación derivada
049 _aBNGR
999 _c5739
_d5739